2012 Summer Olympics Most Represented Countries - Statistics

General Stats
  • This quiz has been taken 3,451 times
  • The average score is 20 of 25
Answer Stats
# of Athletes Country % Correct
530 United States
100%
380 China
99%
542 Great Britain
99%
436 Russia
98%
331 France
97%
391 Germany
96%
410 Australia
95%
293 Japan
95%
258 Brazil
94%
277 Canada
94%
283 Spain
94%
284 Italy
92%
245 South Korea
86%
134 Sweden
83%
137 Argentina
81%
218 Poland
79%
184 New Zealand
74%
125 South Africa
73%
178 Netherlands
72%
237 Ukraine
72%
115= Belgium
64%
158 Hungary
62%
133 Czech Republic
53%
165 Belarus
43%
115= Serbia
40%
No matching quizzes found
Score Distribution
Percent of People with Each Score
Percentile by Number Answered
Your Score History
You have not taken this quiz